[Event "1st Spanish League"]
[Site "Linares"]
[Date "2017.08.18"]
[Round "5"]
[White "Chueca Lorente, Javier"]
[Black "Almagro Llamas, Pablo"]
[Result "0-1"]
[BlackTitle "IM"]
[WhiteElo "2103"]
[BlackElo "2466"]
[Board "3"]
[WhiteCountry "ESP"]
[WhiteFideId "22216405"]
[BlackCountry "ESP"]
[BlackFideId "2221799"]
[WhiteEloChange "-2"]
[BlackEloChange "1"]

1. c4 e5 2. Nc3 Nc6 3. g3 g6 4. Bg2 Bg7 5. e3 d6 6. Nge2 Nge7 7. O-O O-O 8.
d3 Be6 9. Nd5 Nc8 10. Rb1 Qd7 11. b4 Nd8 12. b5 c6 13. bxc6 bxc6 14. Ndc3
Bh3 15. Qa4 Bxg2 16. Kxg2 Ne6 17. Ba3 f5 18. f4 exf4 19. exf4 Nb6 20. Qb3
Rab8 21. c5 dxc5 22. Bxc5 Nd5 23. Qa3 Nxc3 24. Nxc3 Bxc3 25. Bxf8 Qd5+ 26.
Rf3 Rxb1 27. Qxc3 Nxf8 28. h4 Qxa2+ 29. Rf2 Qd5+ 30. Rf3 Ne6 31. Qc4 Rb2+
32. Kh3 Nd4 33. Rf1 Qxc4 34. dxc4 h5 35. Rd1 Nf3 36. g4 hxg4+ 37. Kg3 Nd2
38. h5 Ne4+ 0-1

[Event "1st Spanish League"]
[Site "Linares"]
[Date "2017.08.18"]
[Round "5"]
[White "Espinosa Aranda, Angel"]
[Black "Roque Sola, Gisela"]
[Result "1-0"]
[WhiteTitle "IM"]
[BlackTitle "WFM"]
[WhiteElo "2454"]
[BlackElo "1975"]
[Board "4"]
[WhiteCountry "ESP"]
[WhiteFideId "2278189"]
[BlackCountry "MEX"]
[BlackFideId "5120241"]
[WhiteEloChange "1"]
[BlackEloChange "-2"]

1. g3 Nf6 2. Bg2 e6 3. c4 d5 4. Nf3 Be7 5. O-O Nbd7 6. d4 O-O 7. Nc3 b6 8.
Ne5 Bb7 9. Qa4 Nxe5 10. dxe5 Ng4 11. cxd5 exd5 12. Qxg4 1-0

[Event "1st Spanish League"]
[Site "Linares"]
[Date "2017.08.18"]
[Round "5"]
[White "Ortin Blanco, Ainhoa"]
[Black "Rodrigo Yanguas, Maria"]
[Result "1-0"]
[BlackTitle "WFM"]
[WhiteElo "1961"]
[BlackElo "2076"]
[Board "5"]
[WhiteCountry "ESP"]
[WhiteFideId "32010117"]
[BlackCountry "ESP"]
[BlackFideId "2281201"]
[WhiteEloChange "13"]
[BlackEloChange "-13"]

1. d4 Nf6 2. c4 c5 3. d5 g6 4. Nc3 d6 5. Nf3 Bg7 6. Bf4 O-O 7. h3 Na6 8. e4
Nc7 9. Be2 a6 10. a4 Rb8 11. O-O Nd7 12. Qd2 Bh8 13. Rfe1 f5 14. exf5 Rxf5
15. Bd3 Rf7 16. Re2 b5 17. axb5 axb5 18. Ng5 Rf6 19. cxb5 Qf8 20. g3 Ne5
21. Bxe5 dxe5 22. Nge4 Rbb6 23. Bc4 Bxh3 24. Ng5 Qc8 25. d6+ Ne6 26. d7 Qf8
27. Nxh3 Rd6 1-0

[Event "1st Spanish League"]
[Site "Linares"]
[Date "2017.08.18"]
[Round "5"]
[White "Van Kampen, Robin"]
[Black "Bruzon Batista, Lazaro"]
[Result "0-1"]
[WhiteTitle "GM"]
[BlackTitle "GM"]
[WhiteElo "2643"]
[BlackElo "2643"]
[Board "1"]
[WhiteCountry "NED"]
[WhiteFideId "1020854"]
[BlackCountry "CUB"]
[BlackFideId "3503739"]
[WhiteEloChange "-5"]
[BlackEloChange "5"]

1. c4 e6 2. Nc3 d5 3. d4 Be7 4. cxd5 exd5 5. Bf4 c6 6. e3 Bf5 7. g4 Be6 8.
h4 Nd7 9. g5 h6 10. g6 f5 11. h5 Ngf6 12. f3 Nb6 13. Qc2 O-O 14. Bd3 Qd7
15. Qh2 Nc4 16. b3 Nd6 17. Nge2 b6 18. Be5 c5 19. Nf4 Rac8 20. dxc5 bxc5
21. O-O Kh8 22. Rad1 Bg8 23. Bb1 Qc6 24. Qb2 d4 25. exd4 cxd4 26. Nce2 Nb5
27. Bxf5 Ba3 28. Qd2 Rce8 29. Bxd4 Nxd4 30. Nxd4 Qb6 31. Kg2 Rd8 32. Qc3
Nd5 33. Nxd5 Rxd5 34. Bg4 Bb4 35. Qa1 Rfd8 36. Nf5 Rd2+ 37. Rxd2 Rxd2+ 38.
Kh3 Qc7 39. Rh1 Bc3 40. Qb1 Be5 41. a3 Bf4 42. Nh4 Qc5 43. Ng2 Bc7 44. Rf1
Qxa3 45. Qe4 Qb2 46. f4 Qxb3+ 47. Bf3 Bb6 48. Kg3 Rd8 49. Qe7 Qb2 50. Ne3
Qb5 51. Re1 Re8 52. Qa3 a5 53. Ng2 Rxe1 54. Nxe1 Qf1 55. Ng2 Qf2+ 56. Kh3
Be6+ 57. f5 Bxf5+ 58. Kh2 Bc7+ 0-1

[Event "1st Spanish League"]
[Site "Linares"]
[Date "2017.08.18"]
[Round "5"]
[White "Martinez Duany, Lelys Stanley"]
[Black "Volkov, Sergey"]
[Result "0-1"]
[WhiteTitle "GM"]
[BlackTitle "GM"]
[WhiteElo "2510"]
[BlackElo "2637"]
[Board "3"]
[WhiteCountry "CUB"]
[WhiteFideId "3504727"]
[BlackCountry "RUS"]
[BlackFideId "4122763"]
[WhiteEloChange "-3"]
[BlackEloChange "3"]

1. e4 e6 2. d4 d5 3. Nc3 Nf6 4. e5 Nfd7 5. f4 c5 6. Nf3 Nc6 7. Be3 Be7 8.
Qd2 O-O 9. dxc5 Qa5 10. Nd4 Nxd4 11. Bxd4 Bxc5 12. Be2 a6 13. a3 Bxd4 14.
Qxd4 b5 15. O-O Qb6 16. Qxb6 Nxb6 17. Bd3 Na4 18. Nxa4 bxa4 19. Kf2 Bd7 20.
Ke3 Rab8 21. Rab1 Rb6 22. b4 Rc8 23. Rfc1 Rc3 24. Kd4 Rxa3 25. c3 Bb5 26.
Ra1 Rxa1 27. Rxa1 Rc6 28. Ra3 f6 29. Ke3 g5 30. g3 gxf4+ 31. gxf4 Kf7 32.
exf6 h5 33. Bc2 Kxf6 34. h4 Rc4 35. Bd1 Kf5 36. Bc2+ Kg4 37. Bd1+ Kxh4 38.
Kf3 Bc6 39. Ke3 Re4+ 40. Kd2 Rxf4 41. Bxa4 Bb5 42. Bd1 Kg5 43. Ke3 h4 44.
Ra2 h3 45. Rh2 Rf1 46. Bf3 Kh4 47. Bg2 Kg3 0-1

[Event "1st Spanish League"]
[Site "Linares"]
[Date "2017.08.18"]
[Round "5"]
[White "Fernandez Romero, Ernesto"]
[Black "Andres Gonzalez, Ivan"]
[Result "1-0"]
[WhiteTitle "IM"]
[BlackTitle "FM"]
[WhiteElo "2492"]
[BlackElo "2347"]
[Board "4"]
[WhiteCountry "ESP"]
[WhiteFideId "2214679"]
[BlackCountry "ESP"]
[BlackFideId "2217783"]
[WhiteEloChange "3"]
[BlackEloChange "-6"]

1. e4 c5 2. Nf3 d6 3. d4 cxd4 4. Nxd4 Nf6 5. Nc3 Nc6 6. Bg5 e6 7. Qd2 a6 8.
O-O-O Bd7 9. h4 Be7 10. f3 O-O 11. Kb1 b5 12. Nxc6 Bxc6 13. Ne2 Rc8 14. Nd4
Bb7 15. Bd3 Nd7 16. Rhe1 Nc5 17. g4 Na4 18. Bxe7 Qxe7 19. g5 f6 20. f4 fxg5
21. hxg5 d5 22. e5 b4 23. Rh1 g6 24. Rh6 Nc3+ 25. bxc3 bxc3 26. Qc1 Qb4+
27. Nb3 Rc7 28. Rdh1 d4 29. R1h4 Bd5 30. f5 Bxb3 31. axb3 exf5 32. Ka2 Qa5+
33. Qa3 Qxe5 34. Bc4+ Rxc4 35. bxc4 Rb8 36. Rh1 Rb2+ 37. Ka1 d3 38. Qxa6
Rb8 39. Rxh7 d2 40. Qxg6+ 1-0

[Event "1st Spanish League"]
[Site "Linares"]
[Date "2017.08.18"]
[Round "5"]
[White "Vega Gutierrez, Belinda"]
[Black "Perera Borrego, Maria Adela"]
[Result "1-0"]
[WhiteTitle "WIM"]
[BlackTitle "WFM"]
[WhiteElo "2178"]
[BlackElo "2116"]
[Board "5"]
[WhiteCountry "ESP"]
[WhiteFideId "2229994"]
[BlackCountry "ESP"]
[BlackFideId "22238255"]
[WhiteEloChange "8"]
[BlackEloChange "-8"]

1. e4 e6 2. d4 d5 3. Nc3 Nf6 4. e5 Nfd7 5. Qg4 c5 6. Nf3 Nc6 7. Nb5 Nxd4 8.
Nbxd4 cxd4 9. Bd3 Qc7 10. Bf4 Nc5 11. O-O Bd7 12. Nxd4 O-O-O 13. Qg3 h6 14.
h4 g6 15. Rfc1 Be7 16. c4 g5 17. hxg5 hxg5 18. Bd2 Nxd3 19. cxd5 Nxc1 20.
Rxc1 Bc5 21. d6 Qb6 22. b4 Kb8 23. bxc5 Qb2 24. Qc3 Qxc3 25. Rxc3 Rh5 26.
g4 Rh4 27. f3 Rdh8 28. Bxg5 Rh2 29. a3 Rh1+ 30. Kf2 Rd1 31. Be3 Rhh1 32.
Kg3 Rhe1 33. Kf4 Kc8 34. c6 Rxd4+ 35. Bxd4 Bxc6 36. Bxa7 Rf1 37. Kg3 Kd7
38. f4 Re1 39. Kh4 Re2 40. Rg3 Re4 41. Kg5 Bd5 42. Rc3 Bc6 43. Be3 Ke8 44.
Kf6 Ra4 45. Bc1 Kf8 46. Rh3 Kg8 47. Ke7 Rd4 48. Rh2 Rd1 49. Bd2 1-0

[Event "1st Spanish League"]
[Site "Linares"]
[Date "2017.08.19"]
[Round "6"]
[White "Antipov, Mikhail Al."]
[Black "Nikolov, Momchil"]
[Result "1/2-1/2"]
[WhiteTitle "GM"]
[BlackTitle "GM"]
[WhiteElo "2580"]
[BlackElo "2585"]
[Board "1"]
[WhiteCountry "RUS"]
[WhiteFideId "4107012"]
[BlackCountry "BUL"]
[BlackFideId "2905710"]

1. e4 e5 2. Nf3 Nf6 3. Nc3 Nc6 4. a3 d5 5. Bb5 Nxe4 6. Qe2 Nxc3 7. Qxe5+
Be7 8. Qxc3 O-O 9. d4 Nb8 10. Bf4 Bd6 11. Bxd6 Qxd6 12. O-O Bf5 13. Rae1 c6
14. Bd3 Bxd3 15. Qxd3 Nd7 16. Re3 Rfe8 17. Rfe1 Rxe3 18. Qxe3 Kf8 19. a4 a5
20. Nh4 g6 21. c3 Nf6 22. Nf3 Re8 23. Ne5 Kg7 24. f3 Nd7 25. Kf2 Re6 26.
Qf4 Qe7 27. Nd3 Rxe1 28. Nxe1 Nf8 29. Nd3 Ne6 30. Qe5+ f6 31. Qb8 Kf7 32.
Qc8 Kg7 33. Qb8 Kf7 34. Qc8 Kg7 35. Qb8 1/2-1/2

[Event "1st Spanish League"]
[Site "Linares"]
[Date "2017.08.19"]
[Round "6"]
[White "Oliva Castaneda, Kevel"]
[Black "Perez Candelario, Manuel"]
[Result "0-1"]
[WhiteTitle "IM"]
[BlackTitle "GM"]
[WhiteElo "2497"]
[BlackElo "2586"]
[Board "2"]
[WhiteCountry "CUB"]
[WhiteFideId "3500799"]
[BlackCountry "ESP"]
[BlackFideId "2210622"]
[WhiteEloChange "-4"]
[BlackEloChange "4"]

1. d4 Nf6 2. Nf3 g6 3. c4 Bg7 4. Nc3 d6 5. e4 O-O 6. Be2 Nbd7 7. O-O e5 8.
Be3 Re8 9. d5 Nh5 10. g3 Bf8 11. Ne1 Ng7 12. Nd3 f5 13. f3 Be7 14. Qd2 a5
15. b3 b6 16. Rae1 Nc5 17. Nxc5 bxc5 18. Bd3 Bf6 19. Kh1 Bd7 20. Bc2 h5 21.
Bh6 Kh7 22. Bxg7 Kxg7 23. exf5 gxf5 24. g4 Bg5 25. Qd3 Rf8 26. Rg1 Kh8 27.
f4 Bh4 28. gxf5 Bxf5 29. Qf3 Bxc2 30. Ne4 Qd7 31. Rg6 Bxe1 32. Rh6+ Kg7 33.
Rxh5 Rxf4 34. Qg2+ Qg4 35. Rg5+ Kh6 36. Rxg4 Bxe4 0-1

[Event "1st Spanish League"]
[Site "Linares"]
[Date "2017.08.19"]
[Round "6"]
[White "Santos Latasa, Jaime"]
[Black "Granero Roca, Antonio"]
[Result "1-0"]
[WhiteTitle "IM"]
[BlackTitle "IM"]
[WhiteElo "2524"]
[BlackElo "2392"]
[Board "3"]
[WhiteCountry "ESP"]
[WhiteFideId "2293307"]
[BlackCountry "ESP"]
[BlackFideId "2210509"]
[WhiteEloChange "3"]
[BlackEloChange "-6"]

1. c4 Nf6 2. Nc3 c5 3. Nf3 g6 4. d4 cxd4 5. Nxd4 d6 6. e4 Nc6 7. f3 Nxd4 8.
Qxd4 Bg7 9. Be3 O-O 10. Qd2 a5 11. Na4 Nd7 12. Be2 b6 13. O-O Nc5 14. Nc3
a4 15. Rab1 Bd7 16. Rfc1 f5 17. exf5 Bxf5 18. Ra1 Qd7 19. Rd1 Rf7 20. Bd4
Qc6 21. Bxg7 Rxg7 22. Qe3 Rf8 23. Rd2 g5 24. Nd5 Rff7 25. b4 Nd7 26. Rad1
h5 27. Kh1 Kf8 28. Nc3 Kg8 29. c5 bxc5 30. Bc4 cxb4 31. Bxf7+ Kxf7 32. Nd5
Ne5 33. Qa7 Kf8 34. Qb8+ Qc8 35. Qxb4 h4 36. Qc3 h3 37. Qxc8+ Bxc8 38. Rb1
hxg2+ 39. Kxg2 Bf5 40. Rb8+ Kf7 41. Rb7 Ke6 42. Nc3 Rh7 43. Re2 Bh3+ 44.
Kf2 Bf5 45. Kg2 Bh3+ 46. Kg1 Rf7 47. Re3 g4 48. Ne4 Kd5 49. Ng5 Rf5 50.
Nxh3 gxh3 51. Rxe7 Nxf3+ 52. Kh1 Ng5 53. Rd3+ Kc4 54. Rg3 d5 55. Rc7+ Kb5
56. Kg1 Nf3+ 57. Kf2 Nxh2+ 58. Ke2 Re5+ 59. Kd3 Rh5 60. Rc1 Rh4 61. Rcg1
Ng4 62. Rxg4 h2 63. Rb1+ 1-0

[Event "1st Spanish League"]
[Site "Linares"]
[Date "2017.08.19"]
[Round "6"]
[White "Cano Sanchez, Josue"]
[Black "Moreno Tejera, Emilio"]
[Result "0-1"]
[WhiteTitle "FM"]
[BlackTitle "IM"]
[WhiteElo "2392"]
[BlackElo "2426"]
[Board "4"]
[WhiteCountry "ESP"]
[WhiteFideId "2224410"]
[BlackCountry "ESP"]
[BlackFideId "2227584"]
[WhiteEloChange "-9"]
[BlackEloChange "5"]

1. d4 e6 2. Nf3 f5 3. g3 Nf6 4. Bg2 Be7 5. O-O O-O 6. c4 d6 7. Nc3 Ne4 8.
Qc2 Nxc3 9. bxc3 Nc6 10. e4 e5 11. Re1 f4 12. c5 g5 13. cxd6 cxd6 14. gxf4
gxf4 15. h3 Kh8 16. Ba3 Rg8 17. Kh2 Qe8 18. Rh1 Qh5 19. Qd3 Rg6 20. Rag1
Bg4 21. dxe5 Rag8 22. Bxd6 Bxh3 23. Bxe7 Rxg2+ 0-1

[Event "1st Spanish League"]
[Site "Linares"]
[Date "2017.08.19"]
[Round "6"]
[White "Hernandez Estevez, Yudania"]
[Black "Nicolas Zapata, Irene"]
[Result "1/2-1/2"]
[WhiteTitle "WIM"]
[BlackTitle "WIM"]
[WhiteElo "2211"]
[BlackElo "2287"]
[Board "5"]
[WhiteCountry "ESP"]
[WhiteFideId "2219344"]
[BlackCountry "ESP"]
[BlackFideId "22247270"]
[WhiteEloChange "2"]
[BlackEloChange "-2"]

1. e4 g6 2. d4 Bg7 3. Nc3 c6 4. Nf3 d6 5. h3 Nf6 6. Bd3 O-O 7. O-O Nbd7 8.
e5 dxe5 9. dxe5 Nd5 10. Nxd5 cxd5 11. Re1 Nc5 12. Bf4 Ne6 13. Bd2 Bd7 14.
a4 a5 15. Qe2 Qc7 16. c3 Nc5 17. Bc2 Rfc8 18. Be3 Ne4 19. Bd4 Nc5 20. Ng5
Ne6 21. Nxe6 Bxe6 22. Qe3 Qd7 23. Bd3 Qe8 24. Qf3 b6 25. g4 Rab8 26. Qe3
Bd7 27. b3 e6 28. h4 b5 29. axb5 Bxb5 30. Bc2 Qd8 31. Qg3 Bf8 32. Rad1 Qc7
33. h5 Ra8 34. Kg2 a4 35. bxa4 Bxa4 36. Bxa4 Rxa4 37. Rh1 Bc5 38. Qf4 Bf8
39. Rh3 Qe7 40. hxg6 fxg6 41. Rdh1 h6 42. Rxh6 Bxh6 43. Rxh6 Qg7 44. Qg5
Kf7 45. Qh4 Kg8 46. Qg5 Kf7 47. Qf4+ Kg8 48. Qg5 1/2-1/2

[Event "1st Spanish League"]
[Site "Linares"]
[Date "2017.08.19"]
[Round "6"]
[White "Bruzon Batista, Lazaro"]
[Black "Granda Zuniga, Julio E"]
[Result "1/2-1/2"]
[WhiteTitle "GM"]
[BlackTitle "GM"]
[WhiteElo "2643"]
[BlackElo "2662"]
[Board "1"]
[WhiteCountry "CUB"]
[WhiteFideId "3503739"]
[BlackCountry "PER"]
[BlackFideId "3800024"]

1. e4 e5 2. Nf3 Nf6 3. Nxe5 d6 4. Nf3 Nxe4 5. Nc3 Nxc3 6. dxc3 Be7 7. Be3
Nc6 8. Qd2 Ne5 9. O-O-O Nxf3 10. gxf3 Be6 11. Rg1 g6 12. a3 a6 13. Qd4 Kd7
14. Bc4 Bf6 15. Bxe6+ fxe6 16. Qe4 b5 17. Bf4 e5 18. Bxe5 Bxe5 19. Qxe5 Rf8
20. Qg7+ Qe7 21. Qxe7+ Kxe7 22. Rg3 Rf6 23. Rd3 Raf8 24. Kd2 Rf5 25. Rh3
R8f7 26. Ke2 Kf8 27. Re3 R5f6 28. Rh4 d5 29. Rd4 c6 30. Rh4 Rd7 31. Rg4
1/2-1/2

[Event "1st Spanish League"]
[Site "Linares"]
[Date "2017.08.19"]
[Round "6"]
[White "Moreno Ruiz, Javier"]
[Black "Cordova, Emilio"]
[Result "0-1"]
[WhiteTitle "IM"]
[BlackTitle "GM"]
[WhiteElo "2460"]
[BlackElo "2629"]
[Board "2"]
[WhiteCountry "ESP"]
[WhiteFideId "2203146"]
[BlackCountry "PER"]
[BlackFideId "3801497"]
[WhiteEloChange "-3"]
[BlackEloChange "3"]

1. d4 Nf6 2. c4 e6 3. Nc3 Bb4 4. f3 c5 5. d5 exd5 6. cxd5 O-O 7. e4 d6 8.
Ne2 a6 9. Ng3 b5 10. Be2 c4 11. Be3 Ba5 12. O-O Nbd7 13. Kh1 Re8 14. Bd4
Bb6 15. b4 h5 16. a4 Nf8 17. axb5 h4 18. Nf5 Bxf5 19. exf5 Bxd4 20. Qxd4
axb5 21. Qxh4 Nxd5 22. Qxd8 Raxd8 23. Nxd5 Rxe2 24. Ra5 Rb8 25. Rd1 Nd7 26.
Kg1 Nf6 27. Nc3 Rc2 28. Nxb5 c3 29. Nd4 Rb2 30. b5 Nd5 31. Rc1 Re8 32. h3
Re3 33. Ra8+ Kh7 34. Rc8 Rd2 35. Nb3 Ree2 36. Nxd2 cxd2 37. Kf1 dxc1=Q+ 38.
Rxc1 Rb2 39. g4 Rxb5 0-1

[Event "1st Spanish League"]
[Site "Linares"]
[Date "2017.08.19"]
[Round "6"]
[White "Volkov, Sergey"]
[Black "Martin Duque, Jesus"]
[Result "1-0"]
[WhiteTitle "GM"]
[BlackTitle "FM"]
[WhiteElo "2637"]
[BlackElo "2386"]
[Board "3"]
[WhiteCountry "RUS"]
[WhiteFideId "4122763"]
[BlackCountry "ESP"]
[BlackFideId "2208954"]
[WhiteEloChange "2"]
[BlackEloChange "-4"]

1. d4 d5 2. c4 e6 3. Nc3 Nf6 4. cxd5 Nxd5 5. e4 Nxc3 6. bxc3 c5 7. Rb1 Be7
8. Nf3 O-O 9. Bc4 Nc6 10. O-O Na5 11. Bd3 b6 12. Qe2 Bb7 13. Rd1 Qc7 14. h4
Rfd8 15. h5 1-0

[Event "1st Spanish League"]
[Site "Linares"]
[Date "2017.08.19"]
[Round "6"]
[White "Ortega Ruiz, Jose Miguel"]
[Black "Fernandez Romero, Ernesto"]
[Result "1/2-1/2"]
[WhiteTitle "FM"]
[BlackTitle "IM"]
[WhiteElo "2263"]
[BlackElo "2492"]
[Board "4"]
[WhiteCountry "ESP"]
[WhiteFideId "2209713"]
[BlackCountry "ESP"]
[BlackFideId "2214679"]
[WhiteEloChange "6"]
[BlackEloChange "-3"]

1. d4 Nf6 2. c4 e6 3. Nc3 Bb4 4. Qc2 O-O 5. Nf3 c5 6. dxc5 Na6 7. c6 bxc6
8. Bd2 Nc5 9. e3 a5 10. Be2 d5 11. O-O Nce4 12. Be1 Ba6 13. Nd4 Bxc3 14.
Bxc3 Nxc3 15. Qxc3 Ne4 16. Qc2 c5 17. Nf3 Qb6 18. Rfd1 Nf6 19. Rac1 Rfc8
20. Ne5 Qd6 21. Nf3 Qb6 22. Ne5 Qd6 23. Nf3 Qb6 1/2-1/2

[Event "1st Spanish League"]
[Site "Linares"]
[Date "2017.08.19"]
[Round "6"]
[White "Perera Borrego, Maria Adela"]
[Black "Collazo Hidalgo-Gato, Niala"]
[Result "1/2-1/2"]
[WhiteTitle "WFM"]
[BlackTitle "WIM"]
[WhiteElo "2116"]
[BlackElo "2198"]
[Board "5"]
[WhiteCountry "ESP"]
[WhiteFideId "22238255"]
[BlackCountry "ESP"]
[BlackFideId "3504476"]
[WhiteEloChange "2"]
[BlackEloChange "-2"]

1. d4 Nf6 2. Nf3 c5 3. c3 e6 4. Bf4 b6 5. e3 Bb7 6. Be2 Be7 7. O-O h5 8. c4
d6 9. Bg5 Nbd7 10. Nc3 Kf8 11. Rc1 Ng4 12. Bxe7+ Qxe7 13. Re1 Rd8 14. Rf1
Ra8 15. Re1 Rd8 16. Rf1 Ra8 17. Re1 Rd8 1/2-1/2

[Event "1st Spanish League"]
[Site "Linares"]
[Date "2017.08.19"]
[Round "6"]
[White "Anton Guijarro, David"]
[Black "Van Kampen, Robin"]
[Result "1/2-1/2"]
[WhiteTitle "GM"]
[BlackTitle "GM"]
[WhiteElo "2654"]
[BlackElo "2643"]
[Board "1"]
[WhiteCountry "ESP"]
[WhiteFideId "2285525"]
[BlackCountry "NED"]
[BlackFideId "1020854"]

1. e4 e5 2. Nf3 Nc6 3. Bb5 g6 4. O-O Bg7 5. c3 a6 6. Ba4 d6 7. d4 exd4 8.
cxd4 b5 9. Bb3 Nge7 10. h3 O-O 11. Nc3 Na5 12. Be3 Bb7 13. d5 Nxb3 14. Qxb3
c5 15. dxc6 Nxc6 16. a4 Na5 17. Qb4 Nc6 18. Qb3 Na5 19. Qb4 Nc6 20. Qb3
1/2-1/2

[Event "1st Spanish League"]
[Site "Linares"]
[Date "2017.08.19"]
[Round "6"]
[White "Espinosa Aranda, Angel"]
[Black "Martinez Duany, Lelys Stanley"]
[Result "1/2-1/2"]
[WhiteTitle "IM"]
[BlackTitle "GM"]
[WhiteElo "2454"]
[BlackElo "2510"]
[Board "3"]
[WhiteCountry "ESP"]
[WhiteFideId "2278189"]
[BlackCountry "CUB"]
[BlackFideId "3504727"]
[WhiteEloChange "1"]
[BlackEloChange "-1"]

1. e4 c5 2. Nf3 Nc6 3. d4 cxd4 4. Nxd4 g6 5. c4 Bg7 6. Be3 Nf6 7. Nc3 Ng4
8. Qxg4 Nxd4 9. Qd1 Ne6 10. Rc1 d6 11. Be2 O-O 12. O-O Bd7 13. Qd2 Bc6 14.
b4 b6 15. Nd5 Nc7 16. Bh6 e5 17. Bxg7 Kxg7 18. f4 Ne6 19. f5 Qg5 20. Qxg5
Nxg5 21. Bd3 gxf5 22. exf5 h6 23. h4 Nh7 24. f6+ Kh8 25. Ne7 Bb7 26. Bxh7
Kxh7 27. Rc3 a5 28. Rg3 axb4 29. Rg7+ Kh8 30. Rf5 Rg8 31. Nxg8 Rxg8 32.
Rxf7 Bxg2 33. Kh2 Be4 34. Rf2 Bd3 35. Rd7 Bxc4 36. Rxd6 b5 37. h5 e4 38. f7
Rf8 39. Rxh6+ Kg7 40. Rg6+ Kh7 41. Rg3 Rxf7 42. Rxf7+ Bxf7 43. Re3 Bxa2 44.
Rxe4 Bc4 45. Re1 b3 46. Rb1 Kh6 47. Kg3 Kxh5 48. Kf4 Kg6 49. Ke3 Kf5 50.
Kd4 Kf4 51. Kc5 Ke3 52. Rxb3+ Bxb3 53. Kxb5 1/2-1/2

[Event "1st Spanish League"]
[Site "Linares"]
[Date "2017.08.19"]
[Round "6"]
[White "Andres Gonzalez, Ivan"]
[Black "Rubio Mejia, Luis Ignacio"]
[Result "1/2-1/2"]
[WhiteTitle "FM"]
[BlackTitle "IM"]
[WhiteElo "2347"]
[BlackElo "2442"]
[Board "4"]
[WhiteCountry "ESP"]
[WhiteFideId "2217783"]
[BlackCountry "ESP"]
[BlackFideId "2281228"]
[WhiteEloChange "3"]
[BlackEloChange "-1"]

1. d4 Nf6 2. c4 e6 3. g3 Bb4+ 4. Bd2 Bxd2+ 5. Qxd2 O-O 6. Bg2 d6 7. e4 e5
8. d5 c6 9. Nc3 cxd5 10. cxd5 a5 11. Nge2 Bd7 12. O-O Na6 13. f3 b5 14. g4
b4 15. Nd1 Kh8 16. Ng3 Ng8 17. Ne3 Nc5 18. Rf2 Ne7 19. Bf1 f6 20. h4 Ng6
21. Ng2 Qb6 22. Nf5 Bxf5 23. gxf5 Ne7 24. h5 Ng8 25. Ne3 Nh6 26. Kh1 Nf7
27. Rh2 h6 28. Nc4 Qc7 29. Ne3 Ng5 30. Be2 Rfc8 31. Kg2 Rab8 32. Rhh1 Qd8
33. Rac1 Na4 34. Ba6 Rxc1 35. Rxc1 Nc5 36. Be2 Kg8 37. Nc4 Kf8 38. Ne3 Ke7
39. Nc4 Rc8 40. Ne3 Qe8 41. Nc4 Qd8 42. Ne3 Qb6 43. Nc4 Qa7 44. Qe3 Qc7 45.
Qd2 Qd8 1/2-1/2

[Event "1st Spanish League"]
[Site "Linares"]
[Date "2017.08.19"]
[Round "6"]
[White "Rodrigo Yanguas, Maria"]
[Black "Vega Gutierrez, Belinda"]
[Result "1/2-1/2"]
[WhiteTitle "WFM"]
[BlackTitle "WIM"]
[WhiteElo "2076"]
[BlackElo "2178"]
[Board "5"]
[WhiteCountry "ESP"]
[WhiteFideId "2281201"]
[BlackCountry "ESP"]
[BlackFideId "2229994"]
[WhiteEloChange "3"]
[BlackEloChange "-3"]

1. e4 e5 2. Nf3 Nc6 3. Nc3 Bb4 4. Nd5 Ba5 5. Bc4 Nf6 6. O-O O-O 7. d3 h6 8.
c3 Rb8 9. a4 a6 10. b4 b5 11. axb5 axb5 12. Bxb5 Rxb5 13. bxa5 Nxd5 14.
exd5 Rxd5 15. a6 e4 16. Nd4 Nxd4 17. dxe4 Rd6 18. a7 Bb7 19. cxd4 Re8 20.
f3 Qa8 21. Be3 f5 22. Qb3+ Kh8 23. exf5 Ba6 24. Rfe1 Qxa7 25. Qf7 Rg8 26.
d5 Qa8 27. Bf4 Rf6 28. Qxd7 Rd8 29. Qxc7 Qxd5 30. Be5 Rf7 31. Qb6 Bc8 32.
f6 g6 33. Ra7 Bb7 34. Rb1 Rdd7 35. Ba1 Kh7 36. Ra5 Qd2 37. Re5 Qd3 38. Kf2
Qd2+ 39. Re2 Qf4 40. Kg1 Qc4 41. Ree1 Qh4 42. Re7 Rdxe7 43. fxe7 Rxe7 44.
g3 Qg5 1/2-1/2

[Event "1st Spanish League"]
[Site "Linares"]
[Date "2017.08.19"]
[Round "6"]
[White "Martin Fuentes, Alberto"]
[Black "Glavina, Pablo"]
[Result "0-1"]
[WhiteTitle "FM"]
[BlackTitle "IM"]
[WhiteElo "2405"]
[BlackElo "2400"]
[Board "1"]
[WhiteCountry "ESP"]
[WhiteFideId "2292289"]
[BlackCountry "ARG"]
[BlackFideId "100234"]
[WhiteEloChange "-5"]
[BlackEloChange "5"]

1. e4 c5 2. Nc3 Nc6 3. Bc4 e6 4. Nf3 a6 5. a4 Nf6 6. Qe2 d6 7. O-O Be7 8.
d3 O-O 9. Bg5 Qc7 10. Qd2 Bd7 11. Rfe1 Rab8 12. h3 Rfc8 13. Bf4 Nd4 14.
Nxd4 cxd4 15. Nd1 b5 16. axb5 axb5 17. Bb3 e5 18. Bg5 Be6 19. Bxe6 fxe6 20.
c3 h6 21. Bh4 Ra8 22. Rxa8 Rxa8 23. Qc2 b4 24. Qb3 bxc3 25. bxc3 Kf7 26.
cxd4 exd4 27. f4 Rb8 28. Qa2 Qb6 29. f5 Qb3 30. Qe2 e5 31. Nf2 Rc8 32. Bxf6
Bxf6 33. Qh5+ Kg8 34. Ng4 Qf7 35. Nxf6+ Qxf6 36. Ra1 d5 37. Qf3 dxe4 38.
Qxe4 Rf8 39. Ra8 Qd6 40. Ra5 Re8 41. Rd5 Qf6 42. Rc5 Kh8 43. Kh1 Qg5 44.
Rxe5 Qc1+ 45. Kh2 Qc7 0-1